000 00810nam a2200289Ia 4500
001 Z_6878
003 CHAP
008 220113s9999 xx 000 0 und d
010 _a170152
020 _a978-93-5130-663-4
040 _cCHAP
082 _a636.0821 T66
100 _aTomar, Arun Kumar
_9146231
245 _aGenetics of livestock population /
_cArun Kumar Tomar y Sukhvir Tomar
260 _aNew Delhi, India :
_bDaya Publishing House ; Astral International,
_c
300 _axiv, 566 p.
503 _aej.1: 270845 \ ej.2: 270846
650 0 _aGenética de población
_x Animales
_9146232
650 _aGenética animal
_947483
650 _aGenética cuantitativa
_947487
901 _a636.0821 T66
902 _aM
910 _a
942 _c1
942 _cc1
999 _c170152
_d170152